Early Twentieth - Century Poetry (Запис № 283283)
[ простий вигляд ]
| 000 -Лідер | |
|---|---|
| fixed length control field | 01618nam a22002657a 4500 |
| 001 - Контрольний номер | |
| control field | 216219491 |
| 003 - Ідентифікатор контрольного номера | |
| control field | UA-OsUOA |
| 005 - Дата та час останнього входження (трансакції) | |
| control field | 20251013163954.0 |
| 008 - Елементи даних фіксованої довжини – загальна інформація | |
| fixed length control field | 201020b -uk||||g |||| 00| p eng d |
| 020 ## - Міжнародний стандартний книжковий номер (ISBN) | |
| Міжнародний стандартний книжковий номер (ISBN) (НП) | 9780140622102 |
| 040 ## - Джерело каталогізації | |
| Агенція оригінальної каталогізації | UA-OsUOA |
| Мова каталогізації | ukr |
| Агенція, яка здійснювала перезапис | UA-OsUOA |
| Агенція, яка здійснювала модифікацію | UA-OsUOA |
| 041 ## - Код мови | |
| Код мови тексту/ звукової доріжки чи окремого заголовка (П) | eng |
| 080 ## - Індекс Універсальної десяткової класифікації | |
| Індекс Універсальної десяткової класифікації (УДК) (НП) | 821.111(410) |
| 090 ## - Локальний шифр розміщення | |
| Класифікаційний індекс УДК | 821.111(410) |
| Авторський знак (НП) | E11 |
| 245 ## - Відомості про назву | |
| Назва (НП) | Early Twentieth - Century Poetry |
| Дані про відповідальність (НП) | Selected by Paul Driver |
| 260 ## - Публікація, розповсюдження і т.п. (Вихідні дані) | |
| Місце публікації, розповсюдження і т.п. (П) | London |
| Ім’я/ наймення видавництва, розповсюджувача і т.п. (П) | Penguin Books |
| Дата публікації, розповсюдження і т.п. (П) | 1996 |
| 300 ## - Фізичний опис | |
| Обсяг | 73 p. |
| 490 ## - Область серії | |
| Назва серії | Penguin Popular Poetry |
| 520 ## - Резюме і т.п. | |
| Резюме, реферат, анотація, тощо (НП) | The years covered by this collection of poetry are some of the most turbulent in recent history.<br/><br/>Britain moved from wealth and stability to political turmoil as the First World War changed the world and claimed millions of young lives. The poetry in this volume follows the transition from a rural tradition, embodied by Thomas Hardy and D.H. Lawrence, to a poignant realism expressed by the War Poets, Rupert Brooke, Wilfred Owen and Siegfried Sassoon.<br/><br/>Here, too, is the early magical poetry of W.B. Yeats and the depiction of the life of a soldier of the Empire by Kipling; two poets who contrast strongly and yet fit happily into the age in which they wrote. Presenting the rich diversity of theme, style and technique, this anthology amply represents the poetry of the early twentieth-century. |
| 650 ## - Додаткове предметне введення – тематичний термін | |
| Тематичний термін чи географічна назва, як елемент введення (НП) | 821 Художня література окремими мовами і мовними сім'ями |
| Джерело заголовка чи терміна | UDC |
| 9 (RLIN) | 17 |
| 700 1# - Додаткове введення – ім'я особи | |
| Ім’я особи (НП) | Driver P. |
| 9 (RLIN) | 22711 |
| 942 ## - Додаткові елементи входу (Коха) | |
| Source of classification or shelving scheme | Universal Decimal Classification |
| Тип елемента Koha | Книги |
| 955 ## - Код типу видання за змістом | |
| Код типу видання за змістом (НП) | Літературно-художні видання |
| Стан вилучень | Стан втрат | Джерело класифікації або схеми стелажів | Стан уражень | Не для кредиту | Постійне місце розташування | Поточне розміщення | Дата придбання | Джерело придбання | Вартість, звичайна ціна покупки | Повний номер виклику | Штрих-код | Дата останнього перегляду | Вартість, ціна заміни | Ціна ефективна від | Тип елемента Koha |
|---|---|---|---|---|---|---|---|---|---|---|---|---|---|---|---|
| Universal Decimal Classification | ВІЛ - Відділ іноземн. літератури НБ | ВІЛ - Відділ іноземн. літератури НБ | 21/05/2007 | Акт № 1\07 | 15.00 | 821.111(410) E11 | 211730 | 19/11/2021 | 15.00 | 21/05/2007 | Книги | ||||
| Universal Decimal Classification | ВІЛ - Відділ іноземн. літератури НБ | ВІЛ - Відділ іноземн. літератури НБ | 21/05/2007 | Акт № 1\07 | 15.00 | 821.111(410) E11 | 211731 | 19/11/2021 | 15.00 | 21/05/2007 | Книги | ||||
| Universal Decimal Classification | ВІЛ - Відділ іноземн. літератури НБ | ВІЛ - Відділ іноземн. літератури НБ | 21/05/2007 | Акт № 1\07 | 15.00 | 821.111(410) E11 | 211732 | 19/11/2021 | 15.00 | 21/05/2007 | Книги | ||||
| Universal Decimal Classification | ВІЛ - Відділ іноземн. літератури НБ | ВІЛ - Відділ іноземн. літератури НБ | 21/05/2007 | Акт № 1\07 | 15.00 | 821.111(410) E11 | 211733 | 19/11/2021 | 15.00 | 21/05/2007 | Книги | ||||
| Universal Decimal Classification | ВІЛ - Відділ іноземн. літератури НБ | ВІЛ - Відділ іноземн. літератури НБ | 21/05/2007 | Акт № 1\07 | 15.00 | 821.111(410) E11 | 211734 | 06/12/2021 | 15.00 | 21/05/2007 | Книги |